<?xml version="1.0" encoding="UTF-8"?>
<record
    xmlns:xsi="http://www.w3.org/2001/XMLSchema-instance"
    xsi:schemaLocation="http://www.loc.gov/MARC21/slim http://www.loc.gov/standards/marcxml/schema/MARC21slim.xsd"
    xmlns="http://www.loc.gov/MARC21/slim">

  <leader>00305nam a22001337a 4500</leader>
  <controlfield tag="008">230525b        |||||||| |||| 00| 0 eng d</controlfield>
  <datafield tag="020" ind1=" " ind2=" ">
    <subfield code="a">9789395759250</subfield>
  </datafield>
  <datafield tag="100" ind1=" " ind2=" ">
    <subfield code="a">R. K. Bangia</subfield>
  </datafield>
  <datafield tag="245" ind1=" " ind2=" ">
    <subfield code="a">Contract II</subfield>
  </datafield>
  <datafield tag="260" ind1=" " ind2=" ">
    <subfield code="a">Faridabad</subfield>
    <subfield code="b">ALA Pub.</subfield>
    <subfield code="c">2023</subfield>
  </datafield>
  <datafield tag="300" ind1=" " ind2=" ">
    <subfield code="a">548</subfield>
  </datafield>
  <datafield tag="546" ind1=" " ind2=" ">
    <subfield code="a">English</subfield>
  </datafield>
  <datafield tag="942" ind1=" " ind2=" ">
    <subfield code="2">ddc</subfield>
    <subfield code="c">BK</subfield>
  </datafield>
  <datafield tag="999" ind1=" " ind2=" ">
    <subfield code="c">20084</subfield>
    <subfield code="d">20084</subfield>
  </datafield>
  <datafield tag="952" ind1=" " ind2=" ">
    <subfield code="p">LLB 808</subfield>
    <subfield code="g">550.00</subfield>
    <subfield code="i">23-5-2023</subfield>
    <subfield code="l">0</subfield>
    <subfield code="e">Radha Krishna Anand &amp; Co, Jammu</subfield>
    <subfield code="r">2024-04-16 00:00:00</subfield>
    <subfield code="w">2023-05-25</subfield>
    <subfield code="y">BK</subfield>
    <subfield code="0">0</subfield>
    <subfield code="4">0</subfield>
    <subfield code="7">1</subfield>
    <subfield code="a">MIETLIB</subfield>
    <subfield code="b">MIETLIB</subfield>
    <subfield code="c">181/3</subfield>
    <subfield code="d">2023-05-24</subfield>
    <subfield code="1">0</subfield>
    <subfield code="H">BBA LLB</subfield>
  </datafield>
  <datafield tag="952" ind1=" " ind2=" ">
    <subfield code="p">LLB 809</subfield>
    <subfield code="g">550.00</subfield>
    <subfield code="i">23-5-2023</subfield>
    <subfield code="l">14</subfield>
    <subfield code="e">Radha Krishna Anand &amp; Co, Jammu</subfield>
    <subfield code="r">2026-04-24 11:41:18</subfield>
    <subfield code="s">2026-04-15</subfield>
    <subfield code="w">2023-05-25</subfield>
    <subfield code="y">BK</subfield>
    <subfield code="0">0</subfield>
    <subfield code="4">0</subfield>
    <subfield code="7">0</subfield>
    <subfield code="a">MIETLIB</subfield>
    <subfield code="b">MIETLIB</subfield>
    <subfield code="c">178/2</subfield>
    <subfield code="d">2023-05-24</subfield>
    <subfield code="1">0</subfield>
    <subfield code="H">BBA LLB</subfield>
  </datafield>
  <datafield tag="952" ind1=" " ind2=" ">
    <subfield code="p">LLB 810</subfield>
    <subfield code="g">550.00</subfield>
    <subfield code="i">23-5-2023</subfield>
    <subfield code="l">8</subfield>
    <subfield code="e">Radha Krishna Anand &amp; Co, Jammu</subfield>
    <subfield code="r">2026-04-16 12:40:16</subfield>
    <subfield code="s">2026-03-30</subfield>
    <subfield code="w">2023-05-25</subfield>
    <subfield code="y">BK</subfield>
    <subfield code="0">0</subfield>
    <subfield code="4">0</subfield>
    <subfield code="7">0</subfield>
    <subfield code="a">MIETLIB</subfield>
    <subfield code="b">MIETLIB</subfield>
    <subfield code="c">178/2</subfield>
    <subfield code="d">2023-05-24</subfield>
    <subfield code="1">0</subfield>
    <subfield code="H">BBA LLB</subfield>
  </datafield>
  <datafield tag="952" ind1=" " ind2=" ">
    <subfield code="p">LLB 811</subfield>
    <subfield code="g">550.00</subfield>
    <subfield code="i">23-5-2023</subfield>
    <subfield code="l">7</subfield>
    <subfield code="e">Radha Krishna Anand &amp; Co, Jammu</subfield>
    <subfield code="q">2025-05-11</subfield>
    <subfield code="r">2025-05-01 00:00:00</subfield>
    <subfield code="s">2025-05-01</subfield>
    <subfield code="w">2023-05-25</subfield>
    <subfield code="y">BK</subfield>
    <subfield code="0">0</subfield>
    <subfield code="4">0</subfield>
    <subfield code="7">0</subfield>
    <subfield code="a">MIETLIB</subfield>
    <subfield code="b">MIETLIB</subfield>
    <subfield code="c">178/2</subfield>
    <subfield code="d">2023-05-24</subfield>
    <subfield code="1">0</subfield>
    <subfield code="H">BBA LLB</subfield>
  </datafield>
  <datafield tag="952" ind1=" " ind2=" ">
    <subfield code="p">LLB 812</subfield>
    <subfield code="g">550.00</subfield>
    <subfield code="i">23-5-2023</subfield>
    <subfield code="l">13</subfield>
    <subfield code="e">Radha Krishna Anand &amp; Co, Jammu</subfield>
    <subfield code="r">2026-06-02 16:09:54</subfield>
    <subfield code="s">2026-04-22</subfield>
    <subfield code="w">2023-05-25</subfield>
    <subfield code="y">BK</subfield>
    <subfield code="0">0</subfield>
    <subfield code="4">0</subfield>
    <subfield code="7">0</subfield>
    <subfield code="a">MIETLIB</subfield>
    <subfield code="b">MIETLIB</subfield>
    <subfield code="c">178/2</subfield>
    <subfield code="d">2023-05-24</subfield>
    <subfield code="1">0</subfield>
    <subfield code="H">BBA LLB</subfield>
  </datafield>
  <datafield tag="952" ind1=" " ind2=" ">
    <subfield code="p">LLb 868</subfield>
    <subfield code="g">550.00</subfield>
    <subfield code="i">23-5-2023</subfield>
    <subfield code="l">0</subfield>
    <subfield code="e">Radha Krishna Anand &amp; Co, Jammu</subfield>
    <subfield code="r">2023-05-30 00:00:00</subfield>
    <subfield code="w">2023-05-30</subfield>
    <subfield code="y">BK</subfield>
    <subfield code="0">0</subfield>
    <subfield code="4">0</subfield>
    <subfield code="7">0</subfield>
    <subfield code="a">MIETLIB</subfield>
    <subfield code="b">MIETLIB</subfield>
    <subfield code="c">178/2</subfield>
    <subfield code="d">2023-05-26</subfield>
    <subfield code="1">0</subfield>
    <subfield code="H">BBA LLB</subfield>
  </datafield>
  <datafield tag="952" ind1=" " ind2=" ">
    <subfield code="p">LLb 869</subfield>
    <subfield code="g">550.00</subfield>
    <subfield code="i">23-5-2023</subfield>
    <subfield code="l">0</subfield>
    <subfield code="e">Radha Krishna Anand &amp; Co, Jammu</subfield>
    <subfield code="r">2023-05-30 00:00:00</subfield>
    <subfield code="w">2023-05-30</subfield>
    <subfield code="y">BK</subfield>
    <subfield code="0">0</subfield>
    <subfield code="4">0</subfield>
    <subfield code="7">0</subfield>
    <subfield code="a">MIETLIB</subfield>
    <subfield code="b">MIETLIB</subfield>
    <subfield code="c">178/2</subfield>
    <subfield code="d">2023-05-26</subfield>
    <subfield code="1">0</subfield>
    <subfield code="H">BBA LLB</subfield>
  </datafield>
  <datafield tag="952" ind1=" " ind2=" ">
    <subfield code="p">LLb 870</subfield>
    <subfield code="g">550.00</subfield>
    <subfield code="i">23-5-2023</subfield>
    <subfield code="l">0</subfield>
    <subfield code="e">Radha Krishna Anand &amp; Co, Jammu</subfield>
    <subfield code="r">2023-05-30 00:00:00</subfield>
    <subfield code="w">2023-05-30</subfield>
    <subfield code="y">BK</subfield>
    <subfield code="0">0</subfield>
    <subfield code="4">0</subfield>
    <subfield code="7">0</subfield>
    <subfield code="a">MIETLIB</subfield>
    <subfield code="b">MIETLIB</subfield>
    <subfield code="c">178/2</subfield>
    <subfield code="d">2023-05-26</subfield>
    <subfield code="1">0</subfield>
    <subfield code="H">BBA LLB</subfield>
  </datafield>
  <datafield tag="952" ind1=" " ind2=" ">
    <subfield code="p">LLb 871</subfield>
    <subfield code="g">550.00</subfield>
    <subfield code="i">23-5-2023</subfield>
    <subfield code="l">0</subfield>
    <subfield code="e">Radha Krishna Anand &amp; Co, Jammu</subfield>
    <subfield code="r">2023-05-30 00:00:00</subfield>
    <subfield code="w">2023-05-30</subfield>
    <subfield code="y">BK</subfield>
    <subfield code="0">0</subfield>
    <subfield code="4">0</subfield>
    <subfield code="7">0</subfield>
    <subfield code="a">MIETLIB</subfield>
    <subfield code="b">MIETLIB</subfield>
    <subfield code="c">178/2</subfield>
    <subfield code="d">2023-05-26</subfield>
    <subfield code="1">0</subfield>
    <subfield code="H">BBA LLB</subfield>
  </datafield>
  <datafield tag="952" ind1=" " ind2=" ">
    <subfield code="p">LLb 872</subfield>
    <subfield code="g">550.00</subfield>
    <subfield code="i">23-5-2023</subfield>
    <subfield code="l">0</subfield>
    <subfield code="e">Radha Krishna Anand &amp; Co, Jammu</subfield>
    <subfield code="r">2023-05-30 00:00:00</subfield>
    <subfield code="w">2023-05-30</subfield>
    <subfield code="y">BK</subfield>
    <subfield code="0">0</subfield>
    <subfield code="4">0</subfield>
    <subfield code="7">0</subfield>
    <subfield code="a">MIETLIB</subfield>
    <subfield code="b">MIETLIB</subfield>
    <subfield code="c">178/2</subfield>
    <subfield code="d">2023-05-26</subfield>
    <subfield code="1">0</subfield>
    <subfield code="H">BBA LLB</subfield>
  </datafield>
</record>
